La agenda ética pendiente de América Latina /
Colección de artículos sobre aspectos éticos de la economía, la pobreza, la desigualdad, la discriminación de etnia, color y género, la desocupación, la familia, la situación de los jóvenes, los niños de la calle, la inequidad en educación y la corrupción en América Latina, escritos por prominentes...
Сохранить в:
| Другие авторы: | |
|---|---|
| Формат: | |
| Язык: | испанский |
| Опубликовано: |
Washington, EUA : Buenos Aires, Argentina :
Banco Interamericano de Desarrollo ; Fondo de Cultura Económica,
2005, c2005
|
| Серии: | (Sección de Obras de Política y Derecho)
|
| Предметы: | |
| Метки: |
Нет меток, Требуется 1-ая метка записи!
|
MARC
| LEADER | 00000nam^a2200000^a^4500 | ||
|---|---|---|---|
| 001 | 000181332 | ||
| 005 | 20250521000000.0 | ||
| 009 | 20260310101929.347 | ||
| 020 | |a 950-557-650-1 | ||
| 037 | |a Acervo ITESO - Biblioteca | ||
| 041 | |a ESP | ||
| 082 | |a 170. 980 |b AGE | ||
| 245 | 0 | 3 | |a La agenda ética pendiente de América Latina / |c Comp. de B. Kliksberg. |
| 264 | 4 | |a Washington, EUA : |b Banco Interamericano de Desarrollo ; |a Buenos Aires, Argentina : |b Fondo de Cultura Económica, |c 2005, c2005 | |
| 300 | |a 365 p. | ||
| 336 | |a texto |b txt |2 rdacontenido | ||
| 337 | |a sin mediación |b n |2 rdamedio | ||
| 338 | |a volumen |b nc |2 rdasoporte | ||
| 440 | 1 | |a (Sección de Obras de Política y Derecho) | |
| 520 | |a Colección de artículos sobre aspectos éticos de la economía, la pobreza, la desigualdad, la discriminación de etnia, color y género, la desocupación, la familia, la situación de los jóvenes, los niños de la calle, la inequidad en educación y la corrupción en América Latina, escritos por prominentes personalidades y expertos en los diversos temas, encabezados por el Premio Nobel Amartya Sen. | ||
| 649 | |a XX | ||
| 650 | |a Jóvenes - |z Latinoamérica - |x Condiciones Sociales y Culturales | ||
| 650 | |a Etica en los Negocios - |z Latinoamérica | ||
| 650 | |a Etica Social - |z Latinoamérica | ||
| 650 | |a Racismo - |z Latinoamérica | ||
| 650 | |a Discriminación de Género - |z Latinoamérica | ||
| 650 | |a Diferencia y Otredad - |z Latinoamérica | ||
| 650 | |a Tolerancia e Intolerancia - |z Latinoamérica | ||
| 650 | |a Igualdad y Desigualdad - |z Latinoamérica | ||
| 650 | |a Niños de la Calle - |z Latinoamérica | ||
| 650 | |a Familia - |z Latinoamérica - |x Condiciones Económicas | ||
| 650 | |a Empleo y Desempleo - |z Latinoamérica | ||
| 650 | |a Pobreza - |z Latinoamérica | ||
| 650 | |a Sociología de la Educación - |z Latinoamérica | ||
| 650 | |a Derechos Humanos - |z Latinoamérica | ||
| 650 | |a Corrupción - |z Latinoamérica | ||
| 650 | |a Problemas Sociales - |z Latinoamérica | ||
| 650 | |a Política Económica - |z Latinoamérica | ||
| 650 | |a Desarrollo Económico-Social - |z Latinoamérica | ||
| 650 | |a Desarrollo Económico-Social - |x Aspectos Eticos | ||
| 650 | |a Etica | ||
| 700 | |a Kliksberg, Bernardo |e (compilación) | ||
| 910 | |a Fondo General | ||
| 920 | |a Impresos - Libros | ||
| 930 | |a Colección General | ||
| 905 | |a 101 | ||
| 901 | |a 0500121286 |b IT1 |c ACC |u 20250521 | ||
| 902 | |a https://opac.biblio.iteso.mx/vufind/Record/000181332 | ||